Estadísticas para Adivina el artista (Por Imagen)

Haz click aquí para intentar la prueba.

Estadísticas generales

  • Esta prueba ha sido intentada 83 veces
  • La puntuación promedio es 11 de 16

Estadísticas de respuestas

Respuesta% Correcto
Bad Bunny
98%
Peso Pluma
92%
Ozuna
91%
Nicki Nicole
89%
Anuel
88%
Karol G
88%
Feid
77%
Sech
74%
Manuel Turizo
73%
Eladio Carrion
67%
Mora
64%
Myke Towers
64%
Bryant Myers
42%
Cruz Cafune
39%
Jon Z
38%
Luar la l
32%

Distribución de puntuación

Porcentaje por número respondido

Porcentaje de gente con cada puntuación

Historial de tus puntuaciones

No has intentado esta prueba.